বাংলা সাহিত্যে মুসলিম সাধনা / (Record no. 53673)
[ view plain ]
| 000 -LEADER | |
|---|---|
| fixed length control field | 01003nam a2200253 a 4500 |
| 001 - CONTROL NUMBER | |
| control field | 53673 |
| 003 - CONTROL NUMBER IDENTIFIER | |
| rucl marc code | BD-RjUL |
| 005 - DATE AND TIME OF LATEST TRANSACTION | |
| control field | 20211209080012.0 |
| 008 - FIXED-LENGTH DATA ELEMENTS--GENERAL INFORMATION | |
| fixed length control field | 161023s1964 bg ||||| |||| 00| 0 ben d |
| 020 ## - INTERNATIONAL STANDARD BOOK NUMBER | |
| Terms of availability | : TK 7.00 |
| 035 ## - SYSTEM CONTROL NUMBER | |
| System control number | (BD-RjUL)53795 |
| 040 ## - CATALOGING SOURCE | |
| Original cataloging agency | BD-RjUL |
| Language of cataloging | ben |
| Transcribing agency | BD-RjUL |
| 041 ## - LANGUAGE CODE | |
| Language code of text/sound track or separate title | ben |
| 082 ## - DEWEY DECIMAL CLASSIFICATION NUMBER | |
| Edition number | 23 |
| Classification number | 891.4409 |
| Author mark and year | UDB 1964 |
| 100 ## - MAIN ENTRY--PERSONAL NAME | |
| Personal name | উদ্দীন, মুহম্মদ মনসুর |
| 9 (RLIN) | 136808 |
| 245 10 - TITLE STATEMENT | |
| Title | বাংলা সাহিত্যে মুসলিম সাধনা / |
| Statement of responsibility, etc. | মুহম্মদ মনসুর উদ্দীন |
| 250 ## - EDITION STATEMENT | |
| Edition statement | শোভন সং. |
| 260 ## - PUBLICATION, DISTRIBUTION, ETC. (IMPRINT) | |
| Place of publication, distribution, etc. | ঢাকা : |
| Name of publisher, distributor, etc. | হাসি প্রকাশনালয়, |
| Date of publication, distribution, etc. | ১৯৬৪ |
| 300 ## - PHYSICAL DESCRIPTION | |
| Pagination | খণ্ড. ; |
| Size | ১৭ সেমি. |
| 505 0# - FORMATTED CONTENTS NOTE | |
| Formatted contents note | খণ্ড ২ -- |
| 650 ## - SUBJECT ADDED ENTRY--TOPICAL TERM | |
| Topical term or geographic name as entry element | বাংলা সাহিত্য |
| General subdivision | ইতিহাস ও সমালোচনা |
| 9 (RLIN) | 160408 |
| Topical term or geographic name as entry element | Bengalim Literature |
| General subdivision | History & Criticism |
| 9 (RLIN) | 160409 |
| 942 ## - ADDED ENTRY ELEMENTS (KOHA) | |
| Source of classification or shelving scheme | Dewey Decimal Classification |
| Koha item type | Books |
| Lost status | Source of classification or shelving scheme | Damaged status | Not for loan | Collection code | Permanent Location | Current Location | Shelving location | Date acquired | Source of acquisition | Cost, normal purchase price | Total Checkouts | Full call number | Date last seen | Copy number | Koha item type |
|---|---|---|---|---|---|---|---|---|---|---|---|---|---|---|---|
| Dewey Decimal Classification | Non-fiction | Central Library, University of Rajshahi | Central Library, University of Rajshahi | 11/07/1968 | Nawroge kitabstan, Dhaka | 5.50 | B 891.4409 UDB V-2 1964 | 23/10/2016 | C-2 | Books | |||||
| Dewey Decimal Classification | Non-fiction | Central Library, University of Rajshahi | Central Library, University of Rajshahi | 11/07/1968 | Nawroge kitabstan, Dhaka | 5.50 | B 891.4409 UDB V-2 1964 | 23/10/2016 | C-3 | Books | |||||
| Dewey Decimal Classification | Non-fiction | Central Library, University of Rajshahi | Central Library, University of Rajshahi | 16/01/1965 | Ideal | 5.50 | B 891.4409 UDB V-2 1964 | 26/11/2016 | C-4 | Books | |||||
| Dewey Decimal Classification | Non-fiction | Central Library, University of Rajshahi | Central Library, University of Rajshahi | 16/01/1965 | Ideal | 5.50 | B 891.4409 UDB V-2 1964 | 26/11/2016 | C-5 | Books | |||||
| Dewey Decimal Classification | Non-fiction | Central Library, University of Rajshahi | Central Library, University of Rajshahi | 16/01/1965 | Ideal | 5.50 | B 891.4409 UDB V-2 1964 | 26/11/2016 | C-6 | Books | |||||
| Dewey Decimal Classification | Non-fiction | Central Library, University of Rajshahi | Central Library, University of Rajshahi | 10/02/1967 | Nowroze kitobistan, Dhaka | 5.00 | B 891.4409 UDB V-2 1964 | 26/11/2016 | C-7 | Books | |||||
| Dewey Decimal Classification | Not For Loan | Non-fiction | Central Library, University of Rajshahi | Central Library, University of Rajshahi | Reading Room | 16/01/1965 | 1965-01-16 | 5.50 | B 891.4409 UDB V-2 1964 | 08/03/2017 | C-1 | Books | |||
| Dewey Decimal Classification | Fiction | Central Library, University of Rajshahi | Central Library, University of Rajshahi | 21/12/1966 | N/A | 5.50 | B 891.4409 UDB V-2 1964 | 08/03/2021 | C-8 | Books | |||||
| Dewey Decimal Classification | Non-fiction | Central Library, University of Rajshahi | Central Library, University of Rajshahi | 10/02/1967 | Nawroze Kitabistan, Dhaka. | 5.00 | B 891.4409 V-2 UDB 1964 | 28/09/2021 | C-9 | Books |